Incógnita [juego] /
Guardado en:
| Formato: | Objeto Físico |
|---|---|
| Publicado: |
Argentina :
Implás,
[199?]
|
| Materias: | |
| Etiquetas: |
Agregar Etiqueta
Sin Etiquetas, Sea el primero en etiquetar este registro!
|
| LEADER | 00861nrm a22001695g 4500 | ||
|---|---|---|---|
| 001 | CEM.cems019230 | ||
| 008 | 130507b199?##################0###0#####d | ||
| 005 | 20220830094429.0 | ||
| 003 | CEMS | ||
| 245 | 0 | 0 | |a Incógnita [juego] / |c Implás. |
| 260 | |a Argentina : |b Implás, |c [199?] | ||
| 300 | |a 1 juego (1 tablero plástico con orificios, 1 separador plástico con la palabra de incógnita, tarugos blancos y negros y en 6 colores diferentes) ; en caja 27 x 19 x 4 cm. + manual de instrucciones. | ||
| 500 | |a Para 2 jugadores apartir de 10 años objetivo: descubrir, en el menor número de intentos, los colores y las posiciones en que se encuentran los tarugos de colores elegidos por el adversario. | ||
| 082 | 0 | 4 | |a J794 |
| 653 | |a 1. juegos de destreza bajo techo | ||
| 653 | |a 2. juegos de estrategia tradicional | ||
| 859 | |a CEMS |b BIB. CEMS - Ludoteca |h J794 |i G367 |p 139.97 |t Ej.1 | ||
